Česká spořitelna spustila aplikaci Saifu pro bezkontaktní platby mobilním telefonem
Česká spořitelna od augusta 2018 umožňuje bezkontaktné platenie mobilom u obchodníkov. Aplikácia Saifu užívateľom ponúka nielen mobilné platby, ale aj možnosť vygenerovať si tzv. jendorázovú platobnú kartu. Prostredníctvom tejto aplikácie sa môže využívať aj zľavový program.
Na minha lista:
| Formato: | Capítulo de Livro |
|---|---|
| Idioma: | tcheco |
| Assuntos: | |
| Tags: |
Sem tags, seja o primeiro a adicionar uma tag!
|
MARC
| LEADER | 00000naa a2200000 4500 | ||
|---|---|---|---|
| 001 | 0247419 | ||
| 005 | 20180903124158.5 | ||
| 041 | 0 | |a cze | |
| 044 | |a CZ | ||
| 245 | 1 | 0 | |a Česká spořitelna spustila aplikaci Saifu pro bezkontaktní platby mobilním telefonem |
| 520 | |a Česká spořitelna od augusta 2018 umožňuje bezkontaktné platenie mobilom u obchodníkov. Aplikácia Saifu užívateľom ponúka nielen mobilné platby, ale aj možnosť vygenerovať si tzv. jendorázovú platobnú kartu. Prostredníctvom tejto aplikácie sa môže využívať aj zľavový program. | ||
| 610 | 2 | 0 | |a bankovníctvo mobilné |
| 610 | 2 | 0 | |a Česko |
| 610 | 2 | 0 | |a platby bezhotovostné |
| 610 | 2 | 0 | |a technológie nové |
| 610 | 2 | 0 | |a telefón mobilný |